000 00418cam a2200181ua 4500
001 2788
008 110908n ii |||gr||||Z||||||asm
040 _cMAIN
082 _a891.4512
100 1 _aBharali, Sailen,
_eAuthor.
245 1 1 _aNatak
_cby Sailen Bharali
250 _a1st.
260 _aJorhat:
_bassam sahitya sabha.
300 _a103p:
_c23cm.
653 _aAssamese drama
653 _aNatak
942 _cBK
999 _c2637
_d2637